Oracle HTML DB Handbook: Develop Database-Centric Web Applications Quickly and Easily. (Record no. 1888)
[ view plain ]
| 005 - DATE AND TIME OF LATEST TRANSACTION | |
|---|---|
| control field | 20250505083830.0 |
| 020 ## - INTERNATIONAL STANDARD BOOK NUMBER | |
| International Standard Book Number | 0-07-225768-7 |
| 082 ## - DEWEY DECIMAL CLASSIFICATION NUMBER | |
| Classification number | LECT 005.74 LIN |
| 100 ## - MAIN ENTRY--PERSONAL NAME | |
| Author name | LINNEMETER, L, C. |
| 245 ## - TITLE STATEMENT | |
| Title | Oracle HTML DB Handbook: Develop Database-Centric Web Applications Quickly and Easily. |
| 260 ## - PUBLICATION, DISTRIBUTION, ETC. | |
| Place of publication, distribution, etc. | London, |
| Name of publisher, distributor, etc. | McGraw-Hill Companies, Inc, |
| Date of publication, distribution, etc. | 2006. |
| 300 ## - PHYSICAL DESCRIPTION | |
| Extent | xxi,486p.: ill.; figures, tables. |
| Other physical details | index, |
| Dimensions | 23cm. |
| 700 ## - ADDED ENTRY--PERSONAL NAME | |
| Other authors/Editors | BROWN, B, D. |
| 856 ## - ELECTRONIC LOCATION AND ACCESS | |
| Link text | Online Access Book |
| Electronic name | Oracle HTML DB Handbook: Develop Database-Centric Web Applications Quickly and Easily. |
| Path | www.OraclePressBooks.com |
| 942 ## - ADDED ENTRY ELEMENTS (KOHA) | |
| Source of classification or shelving scheme | Dewey Decimal Classification |
| Koha item type | Books |
| Date last seen | Total checkouts | Full call number | Barcode | Cost, replacement price | Price effective from | Koha item type | Lost status | Source of classification or shelving scheme | Damaged status | Not for loan | Withdrawn status | Home library | Current library | Shelving location | Date acquired | Cost, normal purchase price |
|---|---|---|---|---|---|---|---|---|---|---|---|---|---|---|---|---|
| 05/05/2025 | LECT 005.74 LIN | 0000007359 | 225000.00 | 05/05/2025 | Books | Dewey Decimal Classification | College of Business Education Main Library | College of Business Education Main Library | General Collection | 09/07/2021 | 75000.00 | |||||
| 05/05/2025 | LECT 005.74 LIN | 0000007360 | 225000.00 | 05/05/2025 | Books | Dewey Decimal Classification | College of Business Education Main Library | College of Business Education Main Library | General Collection | 09/07/2021 | 75000.00 |
